<?xml version="1.0" encoding="UTF-8" ?>
<collection xmlns="http://www.loc.gov/MARC21/slim"><record><leader>00750nam a2200193 c 4500</leader><controlfield tag="001">147177</controlfield><controlfield tag="003">Zü176</controlfield><controlfield tag="005">20170705105607.0</controlfield><datafield tag="035" ind1=" " ind2=" "><subfield code="a">(OCoLC)927672624</subfield></datafield><datafield tag="041" ind1=" " ind2=" "><subfield code="a">fre</subfield></datafield><datafield tag="100" ind1="1" ind2="0"><subfield code="a">Breslau, Louise</subfield></datafield><datafield tag="245" ind1="0" ind2="0"><subfield code="a">Telegramm, Paris Bot., le 10/9. 1914, Société Beaux Arts Zurich Suisse</subfield><subfield code="b">Exposition impossible actuellement écrirai</subfield><subfield code="c">Breslau</subfield><subfield code="h">Typoskript</subfield></datafield><datafield tag="260" ind1=" " ind2=" "><subfield code="a">Paris</subfield><subfield code="c">1914</subfield></datafield><datafield tag="300" ind1=" " ind2=" "><subfield code="a">1 Blatt</subfield><subfield code="c">17.9 x 22.9 cm</subfield></datafield><datafield tag="600" ind1="1" ind2="7"><subfield code="a">Breslau, Louise</subfield><subfield code="d">1856-1927</subfield><subfield code="x">Telegramm</subfield><subfield code="2">gnd</subfield></datafield><datafield tag="610" ind1="2" ind2="7"><subfield code="a">Kunsthaus Zürich</subfield><subfield code="x">Ausstellung</subfield><subfield code="x">Geschäftsbrief</subfield><subfield code="2">gnd</subfield></datafield><datafield tag="710" ind1="2" ind2="0"><subfield code="a">Zürcher Kunstgesellschaft</subfield><subfield code="e">Adressat</subfield></datafield><datafield tag="852" ind1="4" ind2="0"><subfield code="a">CH-000273-5</subfield><subfield code="c">10.30.30.160.breslau.19140910</subfield></datafield><datafield tag="856" ind1="4" ind2="1"><subfield code="u">https://digital.kunsthaus.ch:443/viewer/image/147177/1/</subfield><subfield code="y">Kunsthaus Zürich Sammlungen online</subfield></datafield></record></collection>